| 000 | 01634cam a2200469 4500 | ||
|---|---|---|---|
| 001 | 22224 | ||
| 003 | VRT | ||
| 005 | 20260323134826.0 | ||
| 008 | 240210s2020 xo gr 000 f slo | ||
| 015 | _aSNBA2020/10 | ||
| 020 |
_a9788056906248 _q(viazané) |
||
| 035 | _aurn:nbn:sk:snk-am00ffec | ||
| 035 | _aurn:nbn:sk:snk-am3irsa | ||
| 035 | _aE0FC339A-5790-43D9-A889-77FA3CB78B5B | ||
| 039 | 9 |
_a202402100850 _bVLOAD _c202302151025 _dAUTHORITY _c202207130907 _dmsvkbb03 _c202107010915 _dVLOAD |
|
| 040 |
_aSKPK _bslo _cSKPK _dSNK _erda |
||
| 041 | 0 | _aslo | |
| 044 |
_axo _cSK |
||
| 072 | 7 |
_a821.162.4-3 _xSlovenská próza _2konspekt |
|
| 080 |
_a821.162.4-31 _22011 |
||
| 080 |
_a(0:82-312.4) _22011 |
||
| 100 | 1 |
_aJamborová, Vita, _d1976- _4aut |
|
| 245 | 1 | 0 |
_aNevera ako dôvod _cVita Jamborová |
| 250 | _a1. vydanie | ||
| 264 | 1 |
_aBratislava _bMarenčin PT, spol. s r.o. _c2020 |
|
| 300 |
_a189 strán _c21 cm |
||
| 336 |
_atext _btxt _2rdacontent |
||
| 337 |
_abez média _bn _2rdamedia |
||
| 338 |
_azväzok _bnc _2rdacarrier |
||
| 500 | _aObsahuje biografické údaje o autorke | ||
| 655 | 7 |
_aslovenské romány _2SNKPH |
|
| 655 | 7 |
_aSlovak fiction _2SNKPHeng |
|
| 655 | 7 |
_adetektívne romány _2SNKPH |
|
| 655 | 7 |
_aDetective novels _2SNKPHeng |
|
| 910 | _asnk | ||
| 942 |
_2ddc _cKLDO _n0 |
||
| 949 |
_6273K0675883 _asvkpoA 250870 _bsvkpo664452 |
||
| 949 |
_6270001000650913 _asvkbbA 164755 _bsvkbbm 800663 |
||
| 949 |
_617A1444903 _asnkSC 190563 _bsnk2020/18597 _o1587/2020 _s6100:20201022 |
||
| 949 |
_617A1444904 _asnkSC 190563 D1 _bsnk2020/18598 _o1587/2020 |
||
| 999 |
_c22224 _d22224 |
||